000 00816nam a22001337a 4500
040 _cRUA
082 _aVEM TAN 2014 B438 Or.1
100 _aTANG KIMHENG ; តំាង គឹមហេង
245 _aStudy on porcine reproductive and respiratory symdrom on fattening pigs at duong meng farm in kampong speu province, ការសិក្សាពីជំងឹត្រចៀកខៀវលើជ្រូកសាច់នៅកសិដ្ឋានដួង ម៉េង ដែលស្ថិតក្នុងឃុំតំាស្យា ស្រុកភ្នំស្រួច ខេត្តកំពង់ស្ពឹ
260 _aPhnom Penh
_bRUA
_c2014
300 _ax ;44p.
_bill.
_c29cm.
856 _uhttps://drive.google.com/file/d/1ShIEYA95HUcrclOqHkoUELXxu0lLas8B/view?usp=sharing
942 _cVEM
999 _c7123
_d7123